| 000 | 00582nam a2200193 i 4500 | ||
|---|---|---|---|
| 001 | 69879 | ||
| 003 | ES-MaACL | ||
| 005 | 20230906170639.0 | ||
| 007 | t| | ||
| 008 | 040713s1965 sp ||||1| spa d | ||
| 100 | 1 |
_aGarcía López, Jesús. _954842 |
|
| 245 | 1 | 3 |
_aEl valor de la verdad y otros estudios / _cJesús García López. |
| 260 |
_a[Madrid] : _bGredos, _c[1965] |
||
| 300 |
_a311 p. ; _c20 cm. |
||
| 490 | 1 | _aBiblioteca hispánica de filosofía | |
| 830 | 0 |
_aBiblioteca hispánica de filosofía _9181000 |
|
| 852 |
_aES-MaACL _jC-28795 _bR.58092 |
||
| 999 |
_c69879 _d69879 |
||